MARC

LEADER 00000nam0a2200000 4500
001 300823
005 20231102001335.0
020 |a RU  |b 82-11131ж 
035 |a (RuTPU)RU\TPU\book\325976 
090 |a 300823 
100 |a 20150716g1982 km y0rusy5003 ca 
101 0 |a rus 
102 |a UA 
105 |a a z 001zy 
200 1 |a Применение вычислительных систем  |h Вып. 2  |f под ред. Ф. А. Домнина 
210 |a Харьков  |c Вища школа  |d 1982 
215 |a 62 с.  |c ил. 
225 1 |a Вестник Харьковского политехнического института  |v № 186 
306 |a Изд. выходит с 1978 г. 
320 |a Библиогр. в конце ст. 
606 1 |a Вычислительные системы  |x Экономическая эффективность  |2 stltpush  |3 (RuTPU)RU\TPU\subj\4281  |9 32568 
610 1 |a применение 
610 1 |a идентификация 
610 1 |a моделирование 
610 1 |a устройства ввода 
610 1 |a разработка 
610 1 |a отображения устройства 
610 1 |a инженерные расчеты 
675 |a 681.324  |z rus  |v 3 
702 1 |a Домнин  |b Ф. А.  |4 340 
801 0 |a RU  |b RuMRKP  |c 19950704  |g psbo 
801 1 |a RU  |b 63413507  |c 20150716 
801 2 |a RU  |b 63413507  |c 20190314  |g RCR 
942 |c BK